000 00311nam a22001337a 4500
003 SGT
082 _a617.7, C12F
100 _aFINEMAN, MITCHELL
245 _aCOLOR ATLAS & SYNOPSIS OF CLINICAL OPHTHALMOLOGY
260 _aINDIA
_bWOLTERS
_c2012
300 _a401
650 _a OPHTHALMOLOGY
942 _2ddc
_cBK
999 _c9075
_d9075